[Event "IECC O-2651"]
[Site "IECC email"]
[Date "2007.09.11"]
[Round "?"]
[White "Roszkowski, Gzegorz"]
[Black "Alme, Hank"]
[Result "0-1"]
[WhiteElo "1229"]
[BlackElo "1244"]
[PlyCount "116"]
[EventDate "2007.??.??"]
[EventType "swiss (corr)"]
[EventRounds "2"]
[SourceTitle "Corr 2020"]
[Source "ChessBase"]
[SourceDate "2019.09.30"]
[SourceVersion "1"]
[SourceVersionDate "2019.09.30"]
[SourceQuality "1"]
[WhiteTeam "Poland"]
[BlackTeam "United States"]
[WhiteTeamCountry "POL"]
[BlackTeamCountry "USA"]

1. e3 e5 2. Nc3 Nf6 3. d4 exd4 4. exd4 d5 5. Nf3 Be7 6. g3 Be6 7. b3 Nbd7 8. Bf4 0-0 9. Nb5 c6 10. Nc7 Rc8 11. Nxe6 fxe6 12. Bh3 Ne4 13. Qe2 Rf6 14. Ne5 Bb4+ 15. Kf1 Nxe5 16. dxe5 Rg6 17. Kg2 Bc3 18. Rac1 Qc7 19. Qh5 Qf7 20. Qf3 Bd2 21. Bxd2 Qxf3+ 22. Kxf3 Nxd2+ 23. Kg2 Ne4 24. f4 Rf8 25. Rhf1 Rh6 26. f5 Rh5 27. g4 Rh4 28. fxe6 Re8 29. Rf7 Rxe6 30. Rxb7 Rxe5 31. Rxa7 Ng5 32. Ra8+ Kf7 33. Rf1+ Kg6 34. Raf8 Rxh3 35. Kh1 Re2 36. R8f2 Rhe3 37. a4 Ne4 38. Rxe2 Rxe2 39. c4 Nd2 40. Rf5 dxc4 41. bxc4 Nxc4 42. Rc5 Ne5 43. a5 Nxg4 44. Rxc6+ Nf6 45. a6 Ra2 46. Kg1 Kf5 47. Kf1 Nd5 48. Rc5 Ke6 49. h4 Rxa6 50. h5 h6 51. Rc8 Nf4 52. Rc5 Ra1+ 53. Kf2 Nd3+ 54. Kf3 Nxc5 55. Kg4 Ra4+ 56. Kh3 Kf5 57. Kh2 Ra3 58. Kg2 Kf4 0-1

[Event "IECC Swiss-489.4"]
[Site "IECC email"]
[Date "2006.03.02"]
[Round "?"]
[White "De Sales, Leonardo Fontes"]
[Black "Alme, Hank"]
[Result "0-1"]
[WhiteElo "1072"]
[BlackElo "1235"]
[PlyCount "78"]
[EventDate "2006.??.??"]
[EventType "swiss (corr)"]
[EventRounds "1"]
[SourceTitle "Corr 2020"]
[Source "ChessBase"]
[SourceDate "2019.09.30"]
[SourceVersion "1"]
[SourceVersionDate "2019.09.30"]
[SourceQuality "1"]
[WhiteTeam "Brazil"]
[BlackTeam "United States"]
[WhiteTeamCountry "BRA"]
[BlackTeamCountry "USA"]

1. e4 e5 2. Nf3 Nc6 3. Nc3 Nf6 4. Bc4 Nxe4 5. Nxe4 d5 6. Bxd5 Qxd5 7. Nc3 Qa5 8. 0-0 Bc5 9. d3 0-0 10. a3 Qa6 11. b4 Bxb4 12. Nd5 Ba5 13. Bd2 Be6 14. c4 Rad8 15. Be3 Bxd5 16. cxd5 Rxd5 17. Qb3 Rfd8 18. Rab1 b6 19. a4 Rxd3 20. Qc2 e4 21. Ng5 Rc3 22. Qa2 Ne5 23. Nxe4 Rc4 24. Ng5 Bc3 25. Qe2 Qxa4 26. Rbc1 h6 27. Nf3 Nxf3+ 28. Qxf3 Bd4 29. Bf4 Rxc1 30. Bxc1 Bc5 31. Bf4 Bd6 32. Be3 c5 33. g3 Qa3 34. Kg2 c4 35. h4 Bc5 36. Qe2 Bxe3 37. fxe3 Qd3 38. Qf3 Qd5 39. e4 Qd7 0-1

[Event "IECC Swiss-489.3"]
[Site "IECC email"]
[Date "2005.08.22"]
[Round "?"]
[White "Alme, Hank"]
[Black "Garcia, Arsenio"]
[Result "1-0"]
[WhiteElo "1198"]
[BlackElo "1059"]
[PlyCount "73"]
[EventDate "2005.??.??"]
[EventType "swiss (corr)"]
[EventRounds "1"]
[SourceTitle "Corr 2008"]
[Source "ChessBase"]
[SourceDate "2008.06.24"]
[SourceVersion "1"]
[SourceVersionDate "2008.06.24"]
[SourceQuality "1"]

1. e4 e6 2. d4 d5 3. Nf3 dxe4 4. Ne5 Nd7 5. Nc3 Ngf6 6. Be3 Nxe5 7. dxe5 Qxd1+ 8. Rxd1 Nd7 9. Be2 Nxe5 10. Nxe4 Be7 11. 0-0 0-0 12. Rd2 b6 13. Rfd1 Bb7 14. f3 c5 15. Bf4 Ng6 16. Bg3 h6 17. h4 Nxh4 18. Rd7 Ng6 19. Rxb7 Bf6 20. Nxf6+ gxf6 21. Rdd7 Ne5 22. Bxe5 fxe5 23. Bd3 Kg7 24. Kf2 Kf6 25. Ke3 Kg7 26. Ke4 Kf6 27. g3 Kg6 28. Ke3+ Kf6 29. Kf2 Kg7 30. Kg2 Kf6 31. Kh3 Kg7 32. Kh4 Kg8 33. Kh5 Kg7 34. Be4 c4 35. c3 Kf6 36. a4 Kg7 37. Bg6 1-0

[Event "IECC Swiss-487.2"]
[Site "IECC email"]
[Date "2005.03.28"]
[Round "?"]
[White "Hernandez, Sebastian"]
[Black "Alme, Hank"]
[Result "1-0"]
[WhiteElo "1180"]
[BlackElo "1216"]
[PlyCount "43"]
[EventDate "2005.??.??"]
[EventType "swiss (corr)"]
[EventRounds "1"]
[SourceTitle "Corr 2008"]
[Source "ChessBase"]
[SourceDate "2008.06.24"]
[SourceVersion "1"]
[SourceVersionDate "2008.06.24"]
[SourceQuality "1"]

1. e4 e5 2. Nf3 Nc6 3. d4 exd4 4. Nxd4 Nf6 5. Nc3 Bc5 6. Nb3 Bb6 7. Be2 0-0 8. 0-0 d6 9. Bg5 Be6 10. Na4 Re8 11. Nxb6 axb6 12. c3 Ne5 13. f4 Nc4 14. Qc1 Bd5 15. Bxc4 Bxc4 16. Re1 Re6 17. Nd4 Re8 18. e5 h6 19. Bh4 g5 20. fxg5 hxg5 21. Qxg5+ Kf8 22. exf6 1-0

[Event "IECC Swiss-489.2"]
[Site "IECC email"]
[Date "2005.02.01"]
[Round "?"]
[White "Alme, Hank"]
[Black "Agnew, George"]
[Result "0-1"]
[WhiteElo "1241"]
[BlackElo "1044"]
[PlyCount "58"]
[EventDate "2005.??.??"]
[EventType "swiss (corr)"]
[EventRounds "1"]
[SourceTitle "Corr 2020"]
[Source "ChessBase"]
[SourceDate "2019.09.30"]
[SourceVersion "1"]
[SourceVersionDate "2019.09.30"]
[SourceQuality "1"]
[WhiteTeam "United States"]
[BlackTeam "United States"]
[WhiteTeamCountry "USA"]
[BlackTeamCountry "USA"]

1. e4 e5 2. Nf3 Nc6 3. Bb5 Nge7 4. Nc3 a6 5. Ba4 b5 6. Bb3 Ng6 7. 0-0 Bc5 8. d3 d6 9. Bd2 0-0 10. a3 h6 11. Nd5 Nge7 12. Bc3 Be6 13. Ba2 Ng6 14. Qd2 Nce7 15. d4 exd4 16. Nxd4 Bxd4 17. Qxd4 Ne5 18. Nxe7+ Qxe7 19. f4 c5 20. Qf2 Ng4 21. Qg3 Nf6 22. f5 Bxa2 23. Rxa2 Rfe8 24. Bxf6 Qxf6 25. Qf4 Qd4+ 26. Kh1 Rxe4 27. Qg3 Qc4 28. Rfa1 Rf4 29. b3 Rf1+ 0-1

[Event "IECC O email"]
[Site "IECC email"]
[Date "2003.03.19"]
[Round "?"]
[White "Alme, Hank"]
[Black "Mugica, Emiliano"]
[Result "0-1"]
[WhiteElo "1265"]
[BlackElo "1262"]
[PlyCount "46"]
[EventDate "2003.??.??"]
[EventType "tourn (corr)"]
[EventRounds "6"]
[SourceTitle "Corr 2008"]
[Source "ChessBase"]
[SourceDate "2008.06.24"]
[SourceVersion "1"]
[SourceVersionDate "2008.06.24"]
[SourceQuality "1"]

1. e4 e5 2. Nf3 Nc6 3. Bc4 Nf6 4. Ng5 d5 5. exd5 Nxd5 6. Nxf7 Kxf7 7. Qf3+ Ke6 8. Nc3 Ncb4 9. Qe4 c6 10. d4 Qf6 11. Bf4 Qxf4 12. Qxf4 exf4 13. 0-0 Nxc2 14. Rac1 Nxd4 15. Rcd1 b5 16. Bb3 Nxb3 17. axb3 Nxc3 18. bxc3 Bc5 19. b4 Bd6 20. Rfe1+ Be5 21. Re2 Kf6 22. Rc1 Rd8 23. Rce1 Bxc3 0-1

[Event "IECG TG.2002.0.14616"]
[Site "IECG email"]
[Date "2002.??.??"]
[Round "1"]
[White "Dehombreux, Pierre"]
[Black "Alme, Hank"]
[Result "1-0"]
[WhiteElo "1200"]
[BlackElo "1152"]
[PlyCount "57"]
[EventDate "2002.??.??"]
[EventType "match (corr)"]
[EventRounds "2"]
[SourceTitle "Corr 2008"]
[Source "ChessBase"]
[SourceDate "2008.06.24"]
[SourceVersion "1"]
[SourceVersionDate "2008.06.24"]
[SourceQuality "1"]

1. e4 e5 2. Nf3 Nf6 3. d4 exd4 4. Nxd4 d6 5. Nc3 c5 6. Bb5+ Bd7 7. Bxd7+ Nfxd7 8. Nf5 Qf6 9. Nd5 Qe5 10. Nc7+ Kd8 11. Nxa8 Qxe4+ 12. Ne3 d5 13. 0-0 Nc6 14. Qxd5 Qxd5 15. Nxd5 Bd6 16. Be3 Be5 17. c3 Re8 18. Rfe1 Nf8 19. Bxc5 Ne6 20. Bxa7 Kd7 21. Nab6+ Kd8 22. Nc4 Bc7 23. Nxc7 Kxc7 24. Bd4 Ncxd4 25. cxd4 Rd8 26. Ne5 Nxd4 27. Rac1+ Nc6 28. Nxf7 Rf8 29. Ne5 1-0